000 00478nam a2200181Ia 4500
008 220501s2022 xx 000 0 eng d
020 _a9788194740049
082 _a658.4012 KAZ-S
100 _aKazmi, Azahar
245 0 _aStrategic management
_cAzahar Kazmi and Adela Kazmi
250 _a5th
260 _aChennai
_bMcGraw Hill
_c2022
300 _axxxiv, 788
650 _aManagement
650 _aStrategic management
700 _aKazami, Adela
942 _2ddc
_cBK
_030
999 _c18254
_d18254